000 00287nam a22001337a 4500
008 181204b xxu||||| |||| 00| 0 eng d
020 _a025602913
041 _aeng
080 _a330
100 _a54
101 _aMAN
245 _aManaging Performance
_cGibson.I.D
942 _2udc
_cBK
999 _c52808
_d52808